000 01178nam a2200241 i 4500
001 189113
003 SpMaBN
005 20250827062643.0
008 190401s1933 sp l |||| | spa d
110 1 _aEspaña
_93622
243 1 0 _aLeyes, etc., de metrología
245 1 0 _aLegislación sobre pesas y medidas
_b: comprende la Ley de 8 de julio de 1892 y el Reglamento de 4 de mayo de 1917 con las descripciones posteriores y complementarias, tablas de equivalencias y de reducción de los sistemas antiguos al decimal, etc,... anotados por la Redacción de la Revista de los Tribunales.
250 _a2ª ed.
260 _aMadrid :
_bGóngora,
_c1933.
300 _a228, 29 p. ;
_c15 x 10 cm.
490 1 _aBiblioteca de bolsillo.
_aManuales teórico-prácticos
597 _aLas 29 p. últimas son de publicidad de la ed.
650 4 _aPesos y medidas-
_vLegislación-
_zEspaña.
_9166753
710 2 _aRevista de los Tribunales (Madrid)
_96444
830 0 _aBiblioteca de bolsillo.
_aManuales teórico-prácticos
_9225774
852 _aES-MaACL
_jL-32277
_z- Enc. cart.
_z. - Donat. herederos de la bibl. de Mª del Pilar Costa Palacín
999 _c189113
_d189113